Cenné papiere, podiely a zmenky (2. časť)
Účtovné predpisy cenné papiere nedefinujú, odvolávajú sa na osobitné predpisy, ktoré ich upravujú. Prvý diel článku bol publikovaný v DUPP 2-3/2022. Pretože ide o jeden článok, len rozdelený, ponechávame číslovanie kapitol ako pokračujúce z predchádzajúceho čísla tak, ako by za sebou nasledovali.
Salvato in:
| Autore principale: | |
|---|---|
| Natura: | Capitolo di libro |
| Lingua: | slovacco |
| Soggetti: | |
| Tags: |
Nessun Tag, puoi essere il primo ad aggiungerne!!
|
MARC
| LEADER | 00000naa a2200000 4500 | ||
|---|---|---|---|
| 001 | 0282184 | ||
| 005 | 20240417075156.1 | ||
| 041 | 0 | |a slo | |
| 044 | |a SK | ||
| 245 | 1 | 0 | |a Cenné papiere, podiely a zmenky (2. časť) |c Ludmila Novotná |
| 520 | |a Účtovné predpisy cenné papiere nedefinujú, odvolávajú sa na osobitné predpisy, ktoré ich upravujú. Prvý diel článku bol publikovaný v DUPP 2-3/2022. Pretože ide o jeden článok, len rozdelený, ponechávame číslovanie kapitol ako pokračujúce z predchádzajúceho čísla tak, ako by za sebou nasledovali. | ||
| 610 | 2 | 0 | |a papiere cenné |
| 610 | 2 | 0 | |a podiely obchodné |
| 610 | 2 | 0 | |a zmenky |
| 610 | 2 | 0 | |a prostriedky peňažné |
| 610 | 2 | 0 | |a zhodnotenie majetku |
| 610 | 2 | 0 | |a zhodnocovanie zdrojov |
| 610 | 2 | 0 | |a investície |
| 610 | 2 | 0 | |a investície finančné |
| 610 | 2 | 0 | |a investície kapitálové |
| 610 | 2 | 0 | |a účtovanie |
| 100 | 1 | |a Novotná, Ludmila | |